00426cam a2200145ua 450000100060000000800390000602000180004504000090006308200080007210000320008024500600011226000610017230000100023365300370024310851190409n ii |||gr||||Z||||||eng a9788171560721 cMAIN a809 aGeorge Saintsbury,eAuthor. aA history of english criticismcEd By George Saintsbury aNew Delhi:bAtlantic publishers and distributors,c2013. a569p. aHistory, description & criticism